Bức thông điệp bi thảm của cổ nhân : Sách tham khảo
Bức thông điệp bi thảm của cổ nhân là một câu chuyện kể dí dỏm, hấp dẫn, nhưng thực chất mang tính khoa học sâu sắc, đề cập tới những vấn đề triết học toàn cầu: Có những nền văn minh cổ, vốn đã đạt được trình độ khoa học kỹ thua...
Salvato in:
| Autore principale: | |
|---|---|
| Natura: | Libro |
| Lingua: | Undetermined |
| Pubblicazione: |
Hà Nội
Thế Giới
2008
|
| Soggetti: | |
| Tags: |
Aggiungi Tag
Nessun Tag, puoi essere il primo ad aggiungerne! !
|
| Thư viện lưu trữ: | Trung tâm Học liệu Trường Đại học Cần Thơ |
|---|
| LEADER | 01290nam a2200217Ia 4500 | ||
|---|---|---|---|
| 001 | CTU_176071 | ||
| 008 | 210402s9999 xx 000 0 und d | ||
| 020 | |c 57000 | ||
| 082 | |a 215 | ||
| 082 | |b M954b | ||
| 100 | |a Muldashev, Ernst | ||
| 245 | 0 | |a Bức thông điệp bi thảm của cổ nhân : | |
| 245 | 0 | |b Sách tham khảo | |
| 245 | 0 | |c Erơnơ Munđasep (Ernst Muldashev) ; Hoàng Giang (Dịch giả) | |
| 260 | |a Hà Nội | ||
| 260 | |b Thế Giới | ||
| 260 | |c 2008 | ||
| 520 | |a Bức thông điệp bi thảm của cổ nhân là một câu chuyện kể dí dỏm, hấp dẫn, nhưng thực chất mang tính khoa học sâu sắc, đề cập tới những vấn đề triết học toàn cầu: Có những nền văn minh cổ, vốn đã đạt được trình độ khoa học kỹ thuật vượt xa văn minh hiện đại của loài người, nhưng họ đã bị huỷ diệt bởi năng lượng tiêu cực của bản ngã quá lớn phạm vào những qui luật của tự nhiên? | ||
| 650 | |a Science and religion,Khoa học và tôn giáo | ||
| 904 | |i mai,Hải | ||
| 980 | |a Trung tâm Học liệu Trường Đại học Cần Thơ | ||